=LDR 00000nam 2200000 4500 =001 NUTBA000000000003149 =005 20140724114854.0 =006 =007 =008 =020 ##$$a 978-979-043-191-1 =035 ##$$a 0010-071400000000337 =040 ##$$a NBPDMAT =082 ##$$a 510 =090 ##$$a 510 $b Jan j =100 ##$$a Janu Ismadi =245 ##$$a Jagat matematika untuk SMA / MA program ilmu sosial kelas XII / oleh Janu Ismadi =260 ##$$a Jakarta : $b Perca, $c 2011 =300 ##$$a vi, 128 hlm. : $b ilus. ; $c 29 cm. =500 ##$$a Indeks : hlm. 28 =990 ##$$a 21406897 =990 ##$$a 21400613/BPAP-NTB/20142014